Infracciones y Sanciones Forestales : (Registro nro. 8950)

Detalles MARC
000 -CABECERA
Campo de control 00809nam a22002177a 4500
005 - FECHA Y HORA DE LA ULTIMA TRANSACCION
Campo de control 20150109134654.0
008 - ELEMENTOS DE LONGITUD FIJA—INFORMACION GENERAL
Campo de control 150109b2011 pe || |r|||| 00| 0 spa d
040 ## - FUENTE DE CATALOGACIÓN
Agencia catalogadora original CO-BoIAVH
Agencia transcriptora CO-BoIAVH
041 ## - IDIOMA
Código de idioma para texto/pista de sonido o título separado Español
044 ## - PAÍS DE PUBLICACIÓN
País de publicación Perú
090 ## - CLASIFICACIÓN LOCAL
Colección EA
Consecutivo 00243
110 1# - ASIENTO PRINCIPAL--NOMBRE CORPORATIVO
Nombre corporativo o de jurisdicción como elemento de entrada Perú
Unidad subordinad Unión Internacional para la Conservación de la Naturaleza-UICN
245 1# - MENCION DE TITULO
Título Infracciones y Sanciones Forestales :
Parte restante del título Guía N° 4
260 ## - PUBLICACION, DISTRIBUCION, ETC. (PIE DE IMPRENTA)
Lugar de publicación, distribución, etc. Lima :
Nombre del editor, distribuidor, etc. Unión Internacional para la Conservación de la Naturaleza -UICN,
-- Ministerio de Asuntos Exteriores y de Cooperación-AECID,
Fecha de publicación, distribución, etc. 2011.
300 ## - DESCRIPCION FISICA
Extensión 36 pag
Otros detalles físicos Il.
Dimensiones 25 cm
650 #4 - ASIENTO SECUNDARIO DE MATERIA - TERMINO TEMATICO
Término temático o nombre geográfico como elemento de entrada Derecho ambiental
650 ## - ASIENTO SECUNDARIO DE MATERIA - TERMINO TEMATICO
Término temático o nombre geográfico como elemento de entrada Delitos contra el medio ambiente
650 #4 - ASIENTO SECUNDARIO DE MATERIA - TERMINO TEMATICO
Término temático o nombre geográfico como elemento de entrada Política forestal
650 #4 - ASIENTO SECUNDARIO DE MATERIA - TERMINO TEMATICO
Término temático o nombre geográfico como elemento de entrada Forestación
Subdivisión general Legislación
942 ## - ELEMENTOS ADICIONALES (KOHA)
Sistema de clasificación Local
Tipo de ítem Libro
Existencias
Withdrawn status Lost status Sistema de Clasificación Damaged status No para préstamo Colección Inventariado Ubicación Permanente Ubicación actual Fecha de adquisición Fuente de Valor Valor Total Checkouts Número topográfico Inventario / Código de Barras Date last seen Ejemplar Price effective from Forma de adquisición Tipo de material
    Local     Educación Ambiental Inventariado 2017 Sala Fabio Quevedo Sala Fabio Quevedo 09/01/2015 Instituto 39000.00   EA-00243 034925 09/01/2015 Ej. 1 09/01/2015   Libro